02128nam a2200241Ia 4500001000900000003000500009005001700014008004100031010001100072040000900083082002000092110005000112245009300162260007100255300001100326505121700337650003901554650007301593650006001666650004901726700003501775710007601810dia_1978CHAP20230614100909.0220117s1976 xx 000 0 und d a172510 cCHAP a370.72 S45 1976 aE.N.A. Departamento de Industrias Agrícolas aSeminario del personal docente 1976 /c colaboración Armando Santos Moreno...[et al.] aMéxico :b E.N.A. Departamento de Industrias Agrícolas,c1976 a211 h. aCambios bioquímicos en la maduración de frutas / Armando Santos Moreno \Aspectos fisiológicos de la floración, desarrollo y maduración del fruto del plátano (Musa sp.) / Lorenzo Alvarado y Sosa \ Fisiología del desarrollo y maduración de mangos / Crescenciano Saucedo Veloz \ Estudio de cambios organolépticos durante la maduración del mango manila a diversas temperaturas / Jorge Castillo Merino \ Estudio de la producción, manejo y beneficio del orégano (Origanum vulgare) en el estado de Hidalgo / Luis F. Ramayo Ramírez y Roberto Herrera Saldaña \ El control de la calidad en la producción de alimentos en México / Jorge Martínez Estrada \ Diseño óptimo económico / Jesus Fernández López \ Crédito agrícola para diferentes tipos de agricultura / Georgel Moctezuma López \ Degradación microbiana de celulosa / Salvador Martínez Romero \ Diseño de cámaras para atmósfera controlada / Ramón Sepúlveda Lerma \ El transporte frigorífico de productos perecederos / Julio Serrano Pérez \ Estudio de microorganismos a nivel de planta piloto / Féliz Esparza Torres \ El factor de potencia en un circuito agroindustrial / J. Eleazar Aldaba Chávez aAgricultural educationxCongresses aDocentesxInvestigación educativaxCongresos, conferencias, etc.  aEducación agrícolaxCongresos, conferencias, etc.  aTeachersxEducational researchxCongresses  aSantos Moreno, Armando, coaut. aEscuela Nacional de Agricultura. Departamento de Industrias Agrícolas